Proceso de reorganización nacional : 1976-1983 /
Guardado en:
| Autor Principal: | |
|---|---|
| Formato: | Libro |
| Publicado: |
Bahía Blanca :
del autor,
2019
|
| Materias: | |
| Etiquetas: |
Agregar Etiqueta
Sin Etiquetas, Sea el primero en etiquetar este registro!
|
| LEADER | 00934nam a22002415a 4500 | ||
|---|---|---|---|
| 001 | CEM.cems014994 | ||
| 005 | 20190508052754.0 | ||
| 008 | 130507s2019##################000#0#####d | ||
| 003 | CEMS | ||
| 020 | |a 9789877832204 | ||
| 082 | 0 | 4 | |a 982 |
| 100 | 1 | |a Ciarnello, Nicolás | |
| 245 | 1 | 0 | |a Proceso de reorganización nacional : |b 1976-1983 / |c Nicolás Ciarnello |
| 260 | |a Bahía Blanca : |b del autor, |c 2019 | ||
| 300 | |a 96 p. | ||
| 505 | 0 | |a De Cámpora a Isabelita -- Derechos Humanos -- Aspectos psicológicos -- El Apocalipsis - Secuestros, Torturas y Testimonios -- Consecuencias inmediatas al golpe -- Ramón Camps -- Las Madres de Plaza de Mayo -- Conclusión | |
| 653 | |a Historia | ||
| 653 | |a Historia argentina | ||
| 653 | |a Golpe de estado | ||
| 653 | |a Dictadura | ||
| 653 | |a Derechos humanos | ||
| 859 | |a CEMS |b BIB. CEMS - 11 de abril |h 982 |i C341 |p 27830.19 |t Ej.1 | ||
| 859 | |a CEMS |b BIB. CEMS - 11 de abril |h 982 |i C341 |p 27902.19 |t Ej.2 | ||
